000 00314nam a22001217a 4500
008 231127b |||||||| |||| 00| 0 eng d
020 _a0805388893
100 _aALLYN J.
245 _aBASIC TECHNICAL MATHEMATICS WITH CULCULUS
260 _aREDWOOD CITY
_bTHE BENJAMIN
300 _aXVIII,997P
942 _2lcc
_cBK
999 _c208483
_d208483